League and Cup Winners in Europe's Top Football Leagues 2022/23 - Statistics

General Stats
  • This quiz has been taken 128 times
  • The average score is 24 of 32
Answer Stats
Answer % Correct
Bayern Munich
99%
Manchester City
99%
Paris Saint-Germain
97%
Barcelona
96%
Napoli
96%
Inter Milan
95%
Real Madrid
95%
FC Porto
92%
Juventus
88%
Chelsea
87%
Benfica
86%
PSV Eindhoven
86%
Celtic
85%
Olympique Lyon
85%
Feyenoord
82%
Manchester United
80%
Arsenal
78%
Galatasaray
75%
AS Roma
70%
Young Boys
66%
Royal Antwerp
62%
Atlético Madrid
61%
Fenerbahce
61%
Sparta Prague
61%
Slavia Prague
54%
RB Salzburg
53%
RB Leipzig
50%
Wolfsburg
50%
Red Star Belgrade
49%
Shakhtar Donetsk
42%
Toulouse
37%
Sturm Graz
31%
No matching quizzes found
Score Distribution
Percent of People with Each Score
Percentile by Number Answered
Your Score History
You have not taken this quiz